000 00355nam a22001577a 4500
003 OSt
005 20240408164732.0
008 220428b xxu||||| |||| 00| 0 eng d
020 _a8170080134
040 _cIIMT UNIVERSITY MEERUT
100 _aBALI N.P
245 _aSOLID GEOMETRY
260 _aDELHI
_b C.B.S
_c2022
300 _a635
942 _2ddc
_c02
999 _c51750
_d51750